Alice Cooper Albums - Statistics

General Stats
  • This quiz has been taken 291 times
  • The average score is 15 of 26
Answer Stats
Hint Answer % Correct
2011 Welcome 2 My Nightmare
88%
1975 Welcome to My Nightmare
88%
1973 Billion Dollar Babies
85%
1972 School's Out
84%
1971 Killer
79%
1989 Trash
77%
1991 Hey Stoopid
73%
1969 Pretties for You
66%
1976 Alice Cooper Goes to Hell
62%
1983 DaDa
62%
1986 Constrictor
59%
1971 Love It to Death
58%
1973 Muscle of Love
55%
1982 Zipper Catches Skin
55%
1978 From the Inside
51%
1987 Raise Your Fist and Yell
50%
2000 Brutal Planet
49%
2001 Dragontown
47%
1977 Lace and Whiskey
47%
2008 Along Came a Spider
46%
1994 The Last Temptation
44%
1980 Flush the Fashion
43%
2005 Dirty Diamonds
42%
2003 The Eyes of Alice Cooper
42%
1970 Easy Action
40%
1981 Special Forces
39%
No matching quizzes found
Score Distribution
Percent of People with Each Score
Percentile by Number Answered
Your Score History
You have not taken this quiz